书目信息 |
| 题名: |
关节炎防治300问
|
|
| 作者: | 施桂英 主编 ;肖玉兰 编著 | |
| 分册: | ||
| 出版信息: | 北京 金盾出版社 1993.6 |
|
| 页数: | 138页 | |
| 开本: | 19cm | |
| 丛书名: | ||
| 单 册: | ||
| 中图分类: | R684.3 | |
| 科图分类: | ||
| 主题词: | 关节炎--防治 | |
| 电子资源: | ||
| ISBN: | 7-80022-609-3 | |
| 000 | 00748nam0 2200241 45 | |
| 001 | 0193033470 | |
| 005 | 20070721153629.65 | |
| 010 | @a7-80022-609-3@dCNY4.00 | |
| 100 | @a19930806d1993 em y0chiy0121 ea | |
| 101 | 0 | @achi |
| 102 | @aCN@b110000 | |
| 105 | @ay z 000yy | |
| 200 | 10 | @a关节炎防治300问@AGUAN JIE YAN FANG ZHI 300 WEN@f施桂英主编@FSHI GUI YING ZHU BIAN@g肖玉兰等编著 |
| 210 | @a北京@c金盾出版社@d1993.6 | |
| 215 | @a138页@d19cm | |
| 330 | @a介绍常见的几种关节炎的病因病状、诊断治疗以及康复预方面的知识。 | |
| 540 | 1 | @a关节@AGUAN JIE |
| 606 | @a关节炎@x防治 | |
| 690 | @aR684.3@v4 | |
| 701 | 0 | @a施桂英@ASHI GUI YING@4主编 |
| 702 | 0 | @a肖玉兰@AXIAO YU LAN@4编著 |
| 801 | 0 | @aCN@bTSSF@c20070721 |
| 905 | @a10447@dR684.3@e38 | |
| 关节炎防治300问/施桂英主编/肖玉兰等编著.-北京:金盾出版社,1993.6 |
| 138页;19cm |
| ISBN 7-80022-609-3:CNY4.00 |
| 介绍常见的几种关节炎的病因病状、诊断治疗以及康复预方面的知识。 |
| ● |
| 相关链接 |
|
|
|
|
正题名:关节炎防治300问
索取号:R684.3/38
 
预约/预借
| 序号 | 登录号 | 条形码 | 馆藏地/架位号 | 状态 | 备注 |
| 1 | 0769546 | 207695467 | 第二样本阅览室/ [索取号:R684.3/38] | 在馆 |